| 000 | 01076nam0a2200289 4500 | ||
|---|---|---|---|
| 001 | RU\NLR\bibl\1666979 | ||
| 005 | 20260607064524.0 | ||
| 010 |
_a5-85574-308-0 _9500 |
||
| 035 | _a(NLR Aleph) 001658252 | ||
| 090 |
_a965079 _c965078 |
||
| 100 | _a20100824d2009 |||y0rusy50 ca | ||
| 101 | 0 | _arus | |
| 102 | _aRU | ||
| 105 | _aa ||||||||| | ||
| 200 | 1 |
_aДарить радость _e[стихи] _fАлександра Хороших-Шукшина _g[Рос. межрегион. союз писателей _gрис. Даши Нахабцевой] |
|
| 210 |
_aСанкт-Петербург _cРоза мира _d2009 |
||
| 215 |
_a[1],8 с. _cцв. ил. _d29 |
||
| 316 |
_aС автогр. авт. _5NLR |
||
| 316 |
_aавтограф _5NLR:2010-8/2497 |
||
| 686 | _aШ9(2)60=Р7-5 | ||
| 700 | 1 |
_4070 _8rus _7ca _aХороших-Шукшина _bА. В. _gАлександра Васильевна _3RU\NLR\auth\7712325 _9122047 |
|
| 801 | 0 |
_aRU _bNLR _c20100824 _gRCR |
|
| 801 | 1 |
_aRU _bNLR _c20100824 |
|
| 942 | _cBOOK | ||
| 980 | _aNB | ||